Normal view
MARC view
Entry Personal Name
001 - CONTROL NUMBER
- control field: 11895
003 - CONTROL NUMBER IDENTIFIER
- control field: ARRUPE
005 - DATE AND TIME OF LATEST TRANSACTION
- control field: 20140930165624.0
008 - FIXED-LENGTH DATA ELEMENTS
- fixed length control field: 140930|| aca||aabn | a|a d
040 ## - CATALOGING SOURCE
- Original cataloging agency: ARRUPE
- Transcribing agency: ARRUPE
100 ## - HEADING--PERSONAL NAME
- Personal name: Mackenzie, Ross,
- Dates associated with a name: 1927-
670 ## - SOURCE DATA FOUND
- Source citation: Work cat.: (ARRUPE)0: Rogers, Jack Bartlett. 11893, Case studies in Christ and salvation /, c1977.